Chess Trivia - Statistics

General Stats
  • This quiz has been taken 21 times
  • The average score is 6 of 10
Answer Stats
Hint Answer % Correct
who is the current world champion? gukesh
89%
Who is currently world #1? magnus
89%
How many chess pieces are there? 6
79%
How many squares are on a chess board? 64
79%
Where was chess invented? India
79%
who has won 6 world championships? Gary kasparov/Emanuel lasker
68%
where was Jose capablanca born? Cuba
53%
Who is the "messi of chess"? Faustino
42%
What is the highest ranking in chess.com? Grandmaster
21%
who won the first world championship? Wilhelm Steinitz
11%
No matching quizzes found
Score Distribution
Percent of People with Each Score
Percentile by Number Answered
Your Score History
You have not taken this quiz